[Event "9th LCC FIDE Open 2017"]
[Site "London"]
[Date "2017.12.06"]
[Round "6"]
[White "Elsness, Frode"]
[Black "Nabaty, Tamir"]
[Result "0-1"]
[WhiteElo "2477"]
[BlackElo "2657"]
[Annotator "TA"]
[PlyCount "76"]
[EventDate "2017.??.??"]
[EventCountry "ENG"]
[SourceTitle "playchess.com"]
[Source "ChessBase"]
[SourceQuality "1"]

{[%evp 9,76,25,36,26,33,27,33,28,41,39,64,39,41,36,61,56,57,55,61,34,125,127,127,125,264,266,226,220,235,227,245,192,195,198,259,160,166,159,210,139,212,169,162,127,125,143,197,177,306,323,359,358,352,94,80,0,0,0,587,567,634,-5,-5,-6,-8,-113,-96,-29995,-29996]} 1. Nf3 d5 2. c4 dxc4 3. e3 a6 (3... Bg4 4. Bxc4 e6 5. O-O Nf6 6. b3 Bd6 7. Bb2 O-O 8. Be2 Qe7 9. d3 Nbd7 10. a3 Rac8 11. b4 {1-0 (68) Shimanov,A (2646)-Alekseenko,K (2575) St Petersburg 2017}) 4. Bxc4 e6 5. O-O b5 6. Be2 {A09: Réti Opening: 1 Nf3 d5 2 c4} Bb7 7. a4 $146 ({Predecessor:} 7. d4 Nf6 8. a4 b4 9. Nbd2 c5 10. dxc5 Nbd7 11. c6 Bxc6 {½-½ (37) Collutiis,D (2511)-Lanzani,M (2291) Bratto 2012}) 7... b4 8. d3 {White is slightly better.} Nf6 9. e4 Be7 10. Bf4 O-O 11. Nbd2 $36 {[%mdl 2048] White has good play.} Nbd7 12. a5 Rc8 13. Nc4 Ne8 14. Rc1 f5 (14... Nd6 $14) 15. exf5 $16 exf5 16. Re1 Nef6 (16... Kh8 $16 17. h3 g5) 17. Nd4 $18 Nc5 18. Nxf5 {And now Bf3 would win.} Nd5 19. Nxe7+ Nxe7 20. Be3 (20. Ne3 $6 Rxf4 21. Rxc5 Qd6) 20... Qd5 {[%csl Gb7][%cal Rd5g2]} 21. Bf1 Rcd8 (21... Ne6 {keeps fighting.} 22. Qg4 Rf6) 22. Qg4 Nb3 23. Rcd1 Ng6 (23... Qd7 $16 {might work better.} 24. Qxd7 Rxd7) 24. h4 Nxa5 (24... Qf5 $16 25. Qxf5 Rxf5) 25. h5 Bc8 26. Qg3 Qxh5 27. Qxc7 Nb3 (27... Nxc4 $16 28. Qxc4+ Rf7) 28. d4 $1 {[%cal Bd3d4,Bd4d5][%mdl 32] Rd3 is the strong threat.} Be6 (28... Bf5 $142 29. Nb6 Kh8) 29. Nb6 $1 Nh4 30. d5 Bf5 31. Qc4 $2 (31. Bxa6 $2 Nxg2 $1 {[%mdl 512]} 32. Qh2 Bh3 $19) (31. d6 $18 {and White stays clearly on top.}) 31... Na5 $16 {[#]} 32. Qxb4 (32. Be2 $1 $16 Nxc4 33. Bxh5 Nxe3 34. Rxe3) 32... Nf3+ $1 $11 33. gxf3 Rf6 $2 {[%mdl 8192]} (33... Qg6+ $11 {and Black has nothing to worry.} 34. Kh2 Qh5+ 35. Kg2 (35. Kg1 Qg6+ 36. Kh2 Qh5+ 37. Kg2 Rf6 $11) 35... Rf6) 34. Bg2 $18 (34. Qxa5 {is a self mate.} Rg6+ 35. Bg2 Qxf3 36. Bg5 Rxg5 37. Kf1 Qxg2+ 38. Ke2 Qe4+ 39. Kd2 Qd3+ 40. Kc1 Qc2#) 34... Bh3 35. Kf1 $2 (35. Bxh3 $18 Qxh3 36. Rd4) 35... Bxg2+ $1 $11 36. Kxg2 {aiming for Rd4.} Qxf3+ 37. Kf1 {[#]} (37. Kg1 $1 $11 Re8 38. Bg5 Qxf2+ 39. Kh1 Rxe1+ 40. Rxe1 Qf3+ 41. Kg1 Qf2+ 42. Kh1 Qf3+ 43. Kg1 Qf2+ 44. Kh1) 37... Re8 $1 $17 {[%mdl 1024] Threatens to win with ...Rh6! Black has strong compensation.} 38. Rd2 $2 {[%mdl 8192] [#]} (38. Qh4 $17 Rxe3 39. Rxe3 (39. Nd7 $2 Rf4 $19) 39... Qxd1+ 40. Kg2) 38... Rh6 $1 {[%mdl 512] Precision: White = 36%, Black = 53%.} 0-1

[Event "9th LCC FIDE Open 2017"]
[Site "London"]
[Date "2017.12.06"]
[Round "6"]
[White "Abergel, Thal"]
[Black "Grandelius, Nils"]
[Result "0-1"]
[WhiteElo "2464"]
[BlackElo "2647"]
[Annotator "TA"]
[PlyCount "60"]
[EventDate "2017.??.??"]
[EventCountry "ENG"]
[SourceTitle "playchess.com"]
[Source "ChessBase"]
[SourceQuality "1"]

{[%evp 14,60,29,12,47,30,42,35,40,7,42,14,15,3,-1,0,0,0,0,-6,8,6,65,63,104,111,91,55,164,66,63,-181,-168,-181,-174,-181,-180,-288,-284,-290,-284,-854,-902,-891,-862,-831,-807,-1030,-977]} 1. e4 c5 2. Nf3 e6 3. d4 cxd4 4. Nxd4 a6 5. Bd3 Ne7 6. O-O Nbc6 7. Nb3 g6 {B42: Sicilian: Kan Variation: 5 Bd3} (7... Ng6 8. a4 b6 9. f4 Be7 10. Be3 d6 11. c3 O-O 12. N1d2 Bb7 13. Qf3 e5 14. f5 Nf4 15. Bc2 {1-0 (26) Hansen,E (2603)-Smirin,I (2667) Wijk aan Zee 2017}) 8. f4 {LiveBook: 4 Games} d6 9. c4 $146 ({Predecessor:} 9. Be3 Bg7 10. c3 b5 11. a4 Rb8 12. a5 O-O 13. Qe2 b4 14. c4 f5 15. Bb6 Rxb6 16. axb6 {0-1 (30) Rudenko,N (2337)-Sharafiev,A (2418) St Petersburg 2016}) 9... Bg7 {White has an edge.} 10. Nc3 O-O 11. Qe2 Nb4 12. Be3 b5 13. Rad1 Nxd3 14. Qxd3 bxc4 15. Qxc4 a5 16. Rf2 Ba6 17. Qa4 Qb8 (17... Bxc3 $11 18. bxc3 Bb7) 18. Bd4 $1 $14 f6 19. Qd7 Kf7 20. f5 Bc4 (20... exf5 $1 $14 21. Nd5 (21. exf5 Bc8 $14) 21... Qd8 22. Qxe7+ Qxe7 23. Nxe7 Kxe7) 21. fxg6+ (21. Nd2 $18 Qc8 22. Qxc8 (22. Qxd6 Rd8 $16) 22... Raxc8 23. Nxc4 Rxc4 24. Nb5) 21... hxg6 22. Bxf6 $2 {[#]} (22. Nd2 $14 {keeps the upper hand.} Rd8 23. Qa4) 22... Bxf6 $19 23. e5 dxe5 {And now ...Ra7 would win.} 24. Ne4 Kg7 25. Rxf6 (25. Nbc5 {only move.} Rd8 26. Qa4) 25... Rxf6 26. Qxe7+ Rf7 27. Qg5 $2 (27. Qc5 Qa7 28. Rc1 Bxb3 29. Qxa7 Rfxa7 30. axb3) 27... Bxb3 {Black is clearly winning.} 28. axb3 Qb6+ 29. Kh1 {[#]} Qd4 $1 {[%cal Rd4d1][%mdl 512]} 30. Qg4 (30. Rxd4 Rf1#) 30... Rf4 {Precision: White = 21%, Black = 49%.} 0-1

[Event "9th LCC FIDE Open 2017"]
[Site "London"]
[Date "2017.12.06"]
[Round "6"]
[White "Bartholomew, John"]
[Black "Soham Das"]
[Result "1-0"]
[WhiteElo "2448"]
[BlackElo "2263"]
[Annotator "TA"]
[PlyCount "71"]
[EventDate "2017.??.??"]
[EventCountry "ENG"]
[SourceTitle "playchess.com"]
[Source "ChessBase"]
[SourceQuality "1"]

{[%evp 9,71,-45,-33,-37,0,1,7,0,-14,-6,0,-52,-47,-62,-62,-75,-56,-129,-118,-120,-33,-33,-37,-45,-32,-40,-43,-91,-78,-132,-132,-383,-367,-338,0,0,39,32,37,35,67,69,175,173,172,180,204,145,128,106,183,112,413,370,730,723,700,679,1522,1520,29980,29981,6375,5514]} 1. d4 f5 2. h3 Nf6 3. g4 d5 4. Nf3 e6 5. Bf4 (5. c4 c6 6. Nc3 Bd6 7. Bg5 O-O 8. e3 Qa5 9. Bxf6 Rxf6 10. gxf5 exf5 11. cxd5 Bb4 12. Qb3 cxd5 {1-0 (38) Grischuk,A (2789)-Riazantsev,A (2678) Moscow 2014}) 5... Bd6 {LiveBook: 3 Games} 6. Ne5 {A80: Dutch Defence: Unusual White second moves} Ne4 7. Nd2 O-O 8. e3 {The position is equal.} c5 $146 ({Predecessor:} 8... Bxe5 9. Bxe5 Nd7 10. Bf4 c6 11. Nxe4 fxe4 {½-½ (37) Buhmann,R (2301)-Bauer,E (2230) Germany 1999}) 9. gxf5 {Nxe4 is the strong threat.} exf5 10. Rg1 (10. dxc5 $11 Nxc5 11. Bg2) 10... Nc6 $15 11. Nxe4 fxe4 12. Qh5 cxd4 (12... Nxd4 $5 13. O-O-O $8 Qc7 $11) 13. O-O-O {[#]} (13. Nxc6 $1 $15 bxc6 14. Qh6) 13... Bf5 $1 $36 {[%mdl 2048] Black has strong initiative.} 14. exd4 Bg6 (14... Rc8 $17 {aiming for ...Bxe5.} 15. c3 Qf6) 15. Nxg6 $15 Bxf4+ 16. Nxf4 Rxf4 17. Qh6 {[%csl Gg1][%cal Rh6g7] [#]} Rf7 $1 18. Be2 Qf6 19. Qh5 ({White should try} 19. Qxf6 Rxf6 20. c3) 19... Nxd4 $17 20. Bg4 $2 {[%mdl 8192]} (20. c3 $17 {only move.} Nxe2+ 21. Qxe2) 20... Qxf2 $19 {[%csl Gd4][%cal Rf2c2]} 21. Kb1 Kh8 $2 (21... Qxc2+ $19 22. Ka1 Qc5) 22. Qxd5 $11 Nc6 (22... Nxc2 $2 23. Rgf1 $18) 23. Qxe4 Raf8 24. a3 Rf4 25. Qd5 Nd4 (25... h6 $14) 26. Rg2 $18 {[%cal Bg1g2,Bg2d2,Bd2d5,Bd5h5][%mdl 32]} Qe3 27. Qxb7 Qe5 {next ...Rb8 is good for Black.} 28. Rgd2 (28. Qxa7 $6 h5 $14) 28... h5 29. Bc8 ({Don't play} 29. Qxa7 $6 hxg4 30. Rxd4 g3 $14) 29... R4f7 (29... Rf1 $16) 30. Qa6 ({Worse is} 30. Rxd4 Rxb7 31. Bxb7 Qe2 $11) ({White should play} 30. Qg2 $18) 30... Nf3 $2 {[%mdl 8192]} (30... Rf6 $16 {is a better chance.} 31. Qd3 (31. Qxa7 Nb5 $16) 31... Rxc8) 31. Rd5 Qe4 $2 (31... Rf6 32. Rxe5 Rxa6) 32. Rxh5+ Kg8 33. Be6 Nd4 34. Bxf7+ Rxf7 35. Qc8+ Rf8 36. Qc4+ {Precision: White = 57%, Black = 38%.} 1-0

[Event "9th LCC FIDE Open 2017"]
[Site "London"]
[Date "2017.12.06"]
[Round "6"]
[White "Cawdery, Daniel"]
[Black "Moussard, Jules"]
[Result "0-1"]
[WhiteElo "2447"]
[BlackElo "2576"]
[Annotator "TA"]
[PlyCount "70"]
[EventDate "2017.??.??"]
[EventCountry "ENG"]
[SourceTitle "playchess.com"]
[Source "ChessBase"]
[SourceQuality "1"]

{[%evp 9,70,26,20,18,14,10,16,21,31,19,10,-3,-3,-6,9,-17,-12,-42,-42,-45,-42,-51,-39,-46,-40,-40,-46,-77,-79,-67,-38,-54,-24,-34,-33,-40,-16,-45,-32,-35,-35,-34,-37,-33,-33,-39,-48,-40,-23,-131,-131,-140,-139,-137,-135,-159,-142,-153,-154,-496,-458,-476,-316]} 1. e4 e5 2. Nf3 d6 3. d4 exd4 4. Qxd4 Nf6 5. e5 Qe7 {LiveBook: 4 Games} 6. Be2 {C41: Philidor Defence} dxe5 7. Nxe5 Nbd7 8. Nd3 {The position is equal.} Qd6 $146 ({Predecessor:} 8... Qe4 9. Qxe4+ Nxe4 10. O-O Bd6 11. Bf3 Nec5 12. Re1+ Kd8 13. Nxc5 Nxc5 {1-0 (75) Jansa,V (2465)-Ermenkov,E (2515) Prague 1985}) 9. Qxd6 Bxd6 10. O-O O-O 11. Nc3 Re8 12. Bg5 h6 $36 {[%mdl 2048] Black is more active.} 13. Bh4 Ne4 $1 {[%cal Re4c3] Threatens to win with ...Nxc3.} 14. Rfe1 Nxc3 15. bxc3 Nb6 16. Bf3 Rxe1+ 17. Rxe1 Kf8 18. Rb1 Rb8 19. Bg3 Bxg3 20. hxg3 Nd7 21. Nb4 c5 22. Nd3 b6 23. Bc6 c4 24. Nb2 Nc5 25. Nxc4 Be6 26. Ne3 Rc8 $1 {[%cal Rc8c6]} 27. Bd5 Bxd5 $1 28. Nxd5 $15 {[%mdl 4096] Endgame KRN-KRN} Na4 29. Rb4 (29. Rb3 $11) 29... Nxc3 $17 30. Ne3 {[#]} b5 $1 31. a3 {[#]} a5 $1 {[%cal Ra5b4,Ba7a5,Ba5a4][%mdl 32]} 32. Rb2 a4 33. Kf1 Rd8 {...Rd4 is the strong threat.} 34. Ke1 $2 (34. Rb4 $17 {was the crucial defense.}) 34... Rd4 $19 35. f3 g6 {Precision: White = 40%, Black = 75%.} 0-1

[Event "9th LCC FIDE Open 2017"]
[Site "London"]
[Date "2017.12.06"]
[Round "6"]
[White "Ladron De Guevara Pinto, Paolo"]
[Black "Bukojemski, Adam"]
[Result "1-0"]
[WhiteElo "2422"]
[BlackElo "2224"]
[Annotator "TA"]
[PlyCount "81"]
[EventDate "2017.??.??"]
[EventCountry "ENG"]
[SourceTitle "playchess.com"]
[Source "ChessBase"]
[SourceQuality "1"]

{[%evp 14,81,37,37,88,35,54,4,83,78,103,108,233,229,239,241,231,178,181,187,162,131,139,144,155,148,141,136,125,126,160,156,150,-39,53,-47,-52,-227,-194,-177,-135,-122,-122,-300,-192,-181,-156,-177,163,60,58,48,62,33,144,43,477,586,504,543,527,502,750,695,647,485,484,397,726,700]} 1. e4 c5 2. Nf3 e6 3. d4 cxd4 4. Nxd4 Nc6 5. Nc3 Qc7 6. Be3 Nf6 7. a3 a6 8. f4 {LiveBook: 80 Games} e5 {B48: Sicilian: Taimanov: 5 Nc3 Qc7 6 Be3 a6 without Be2} (8... d5 $14) (8... d6 9. Qf3 Nxd4 10. Bxd4 b5 11. Bd3 Bb7 12. Bxf6 gxf6 13. f5 Be7 14. O-O Qc5+ 15. Kh1 h5 16. fxe6 fxe6 17. a4 {1-0 (32) Grischuk,A (2783)-Cori Tello,J (2641) Tbilisi 2017}) 9. Nde2 (9. fxe5 $16 Nxe5 10. Be2) 9... Bd6 $146 {[%cal Re5f4]} ({Predecessor:} 9... d6 10. f5 b5 11. g4 Nxg4 12. Nd5 Qd8 13. Bb6 Qh4+ 14. Ng3 Rb8 15. Qd2 g6 16. Qc3 {0-1 (24) Reyer,U (2130)-Kalhorn,S Mecklenburg VP 1996}) 10. g3 Ne7 (10... Na5 $11 {remains equal.}) 11. Qd3 $16 Ng4 12. Bg1 exf4 (12... Bc5 $16 {was worth a try.}) 13. gxf4 $18 O-O 14. h3 Nh6 15. e5 Bc5 16. Ne4 b6 17. b4 Bxg1 18. Rxg1 {White wants to mate with Nf6+.} (18. Nxg1 Ng6 $17) 18... Nef5 19. Nd6 Nxd6 20. exd6 (20. Qxd6 Qxd6 21. exd6 Bb7 $11) 20... Qd8 21. Qc3 {[%csl Gg1][%cal Rc3g7]} Qh4+ 22. Kd2 {[%csl Gg1][%cal Rc3g7]} g6 {next ...Bb7 is good for Black.} 23. Qc7 $2 (23. Bg2 $16 Ra7 24. Qd4) 23... Qd8 (23... a5 $15 24. Bg2 (24. Qxb6 $2 axb4 25. Qxb4 Ba6 $19) 24... Ba6 25. Bxa8 (25. Qxb6 Rfb8 $19) 25... Bxe2 26. Kxe2 (26. Qxd7 Qf2 $17) 26... Rxa8 27. Qxd7 Qxf4) 24. Nc3 (24. Qxd8 $1 $14 Rxd8 25. Nd4 (25. Bg2 Rb8 $11)) 24... Qf6 $15 25. Re1 $2 ({White must play} 25. Qxb6 $15 Bb7 26. Re1 Qxf4+ 27. Qe3 Qh2+ 28. Ne2 Qxd6+ 29. Qd4) 25... Qxf4+ $19 26. Kd3 Nf5 {( -> ...Qd4+)} 27. Ne4 Qe5 28. Qxb6 $2 (28. c3 $17 {might work better.}) 28... a5 29. Qc5 Ba6+ 30. c4 {[#]} Qh2 $4 {[%mdl 8192] [#]} (30... Bxc4+ $1 $19 {[%mdl 512] and all is fine.} 31. Kc2 (31. Qxc4 Rac8) 31... Nd4+ 32. Kb1 Qxc5 33. Nxc5 Bxf1 34. Rexf1 axb4) 31. b5 (31. Qxf5 $1 $18 Qxg1 32. Qc5 Qxc5 33. Nxc5 axb4 34. axb4) 31... Bb7 $1 $14 {[%cal Rb7e4]} 32. Nf6+ Kh8 {Threatens to win with ...Rac8.} 33. Rg4 (33. Re2 $5 {[%cal Re2h2]} Qf4 34. Qe5 $11) 33... Bf3 ({Black should try} 33... Rfd8 $14) 34. Rg5 (34. Qe5 $16 Qxe5 35. Rxe5) 34... Qf4 $2 {[%mdl 8192] [#]} (34... Rfc8 $14 35. Qe5 Qxe5 36. Rxe5 Nxd6) 35. Rxf5 $1 $18 {[%mdl 512]} gxf5 (35... Qxf5+ 36. Qxf5) 36. Qd4 Qxd4+ 37. Kxd4 Kg7 38. Nxd7 Rfd8 39. Ne5 Rxd6+ 40. Kc5 Rd1 $2 (40... Re6) 41. Nxf3 {Precision: White = 36%, Black = 29%.} 1-0

[Event "9th LCC FIDE Open 2017"]
[Site "London"]
[Date "2017.12.06"]
[Round "6"]
[White "Sundararajan, Kidambi"]
[Black "Le Roux, Jean-Pierre"]
[Result "0-1"]
[WhiteElo "2419"]
[BlackElo "2560"]
[Annotator "TA"]
[PlyCount "146"]
[EventDate "2017.??.??"]
[EventCountry "ENG"]
[SourceTitle "playchess.com"]
[Source "ChessBase"]
[SourceQuality "1"]

{[%evp 9,146,27,41,16,34,31,25,34,18,0,0,0,0,0,0,-25,-33,-29,-25,-39,-18,-21,-18,-26,-2,-17,-17,-18,-20,-15,-9,-12,-12,-12,-12,-12,-11,-13,-12,-16,-14,-14,-5,-17,-9,-11,-7,-23,-24,-27,-24,-25,-23,-34,-18,-17,-23,-92,-108,-141,-139,-167,-181,-164,-36,-36,-36,-36,-36,-36,-36,-36,-36,-36,-36,-137,-137,-154,-154,-154,-154,-154,-154,-154,-154,-154,-154,-154,-154,-29963,-29965,-29965,-29963,-29964,-29962,-29967,-29968,-29967,-29968,-29969,-29967,-29965,-29968,-29966,-29967,-29968,-29969,-29972,-29973,-29973,-29974,-29975,-29976,-29976,-29977,-29977,-29978,-29978,-189,-189,-189,-189,-189,-189,-189,-189,-189,-189,-154,-189,-189,-29978,-29979,-29979,-29980,-29980,-29981,-29980,-29981]} 1. b3 d5 2. Bb2 Bg4 3. Nf3 Bxf3 4. exf3 Nd7 5. f4 Ngf6 {LiveBook: 4 Games} 6. d4 $146 {A06: Réti Opening:1 Nf3 d5} ({Predecessor:} 6. g3 c6 7. Bg2 e6 8. O-O Bc5 9. d4 Be7 10. c4 Ne4 11. Bxe4 dxe4 12. Qe2 {½-½ (55) Delgado Ramirez,N (2624)-Rodi,L (2304) Belem 2017}) 6... c5 7. dxc5 Qa5+ 8. Qd2 {White has an edge.} Qxc5 9. Bd3 g6 10. O-O Bg7 11. c4 dxc4 12. bxc4 O-O 13. Nc3 Nb6 14. Qe2 Rac8 {[%cal Rb6c4]} 15. Rac1 Rfd8 ({Much weaker is} 15... Nxc4 $6 16. Ne4 $16) 16. g3 Qb4 ({Not} 16... Nxc4 $2 17. Na4 $18) 17. Nb5 a6 18. Rb1 axb5 19. Bxf6 $1 Qd6 20. Bxg7 {Hoping for Bb2.} Qxd3 21. Qxd3 Rxd3 22. Rxb5 Nxc4 {...Nd6 is the strong threat.} 23. Bb2 Nd6 24. Rb3 Rxb3 25. axb3 $11 {[%mdl 4096] Endgame KRB-KRN} f6 26. Rc1 Ra8 27. Bd4 Kf7 28. Rc2 Nb5 29. Be3 Ra1+ 30. Kg2 Rb1 31. Rc8 $1 h5 32. Rh8 Nd6 33. Rh7+ (33. Bc5 $11 {keeps the balance.}) 33... Ke6 $17 34. h3 Rxb3 35. g4 hxg4 $1 36. hxg4 b6 ({Black should try} 36... b5 $19 {And now ...b4 would win.} 37. Rh6 Kf7 38. Rh7+ Kf8) 37. Rg7 $15 Nc4 38. Kf3 b5 39. Rxg6 b4 40. Rg8 Rc3 {Threatens to win with ...b3.} 41. Rb8 b3 {White must now prevent ...b2.} 42. Ke2 (42. Ke4 $15) 42... b2 $17 43. Bd4 Rc1 44. Kd3 b1=Q+ 45. Rxb1 Rxb1 46. Kxc4 {KR-KB} Rg1 $1 {[%cal Rg1g4]} 47. g5 fxg5 48. fxg5 Rxg5 49. Be3 $2 (49. Kd3 $17) 49... Rd5 $1 {[%cal Rd5f5]} 50. Bd4 Kd6 51. Be3 Rd1 52. Bc5+ Ke6 53. Kc3 Kf6 54. Bb4 Rf1 55. Bc5 {[#]} Rc1+ $1 56. Kd4 e5+ 57. Kd5 Kf5 58. Be3 Rd1+ 59. Kc4 Ke4 60. Kc5 Rd3 61. Bg5 Rf3 62. Bh4 Kf4 63. Kd5 Rd3+ $2 (63... e4 {mates} 64. Kd4 Rd3+ 65. Kc5 Rd2 66. Kc4 Kf3 67. Bg5 Rxf2 68. Kd4 Rf1 69. Bh6 Rd1+ 70. Ke5 e3 71. Bf8 Rh1 72. Bb4 Rb1 73. Bc3 Rc1 74. Bb4 Rc4 75. Be1 Ke2 76. Bg3 Rg4 77. Bf4 {[#]} Rxf4 $1 {[%mdl 512]} 78. Kxf4 Kd3 79. Kg3 e2 80. Kf2 Kd2 81. Kg3 e1=Q+ 82. Kg4 Qe5 83. Kh4 Ke1 84. Kg4 Kf2 85. Kh4 Kf3 86. Kh3 Qh8#) 64. Ke6 $19 e4 65. Be7 Rc3 66. Kd5 Kf3 67. Bf6 Rc2 ({Weaker is} 67... Kxf2 68. Bxc3 Kg3 69. Kxe4 $11) 68. Bd4 Ra2 69. Bb6 Ra6 70. Bc7 $2 (70. Bd4 $19) 70... Rh6 {Black mates.} 71. Bb8 Rh7 72. Be5 Rd7+ 73. Ke6 Rd2 {Precision: White = 50%, Black = 78%.} 0-1

[Event "9th LCC FIDE Open 2017"]
[Site "London"]
[Date "2017.12.06"]
[Round "6"]
[White "Vo, Thi Kim Phung"]
[Black "Fodor, Tamas Jr"]
[Result "1-0"]
[WhiteElo "2380"]
[BlackElo "2496"]
[Annotator "TA"]
[PlyCount "53"]
[EventDate "2017.??.??"]
[EventCountry "ENG"]
[SourceTitle "playchess.com"]
[Source "ChessBase"]
[SourceQuality "1"]

{[%evp 20,53,2,12,31,32,122,126,142,132,135,120,131,116,387,374,659,665,631,654,654,647,639,630,628,513,644,545,581,559,559,531,555,538,571,566]} 1. d4 Nf6 2. c4 e6 3. Nc3 Bb4 4. Qc2 O-O 5. Nf3 d5 6. cxd5 exd5 7. Bg5 {[%cal Bc1g5,Bg5h4,Bh4g3][%mdl 32] E32: Nimzo-Indian: Classical (4 Qc2): 4...0-0} (7. Bf4 Nbd7 8. e3 Re8 9. Bd3 c5 10. a3 Bxc3+ 11. Qxc3 c4 12. Bc2 Ne4 13. Bxe4 dxe4 14. Nd2 b5 {½-½ (63) Nakamura,H (2792)-Aronian,L (2799) Saint Louis 2017}) 7... h6 8. Bh4 c5 9. dxc5 g5 10. Bg3 Ne4 11. e3 {LiveBook: 3 Games} Qa5 {[%cal Re4c3]} 12. Bd3 Bf5 $146 ({Better is} 12... Nd7 $14) ({Predecessor:} 12... Nxc3 13. bxc3 Bxc3+ 14. Ke2 Bxa1 15. Rxa1 {0-1 (32) Paulsen,D (2240)-Kurajica,B (2495) Dortmund 1981}) 13. Nd4 $16 ({Of course not} 13. Bxe4 $6 Bxe4 14. Qd2 Qxc5 $11) 13... Bg6 {[%cal Re4c3]} 14. f3 Nxc3 15. Bxg6 Ne4+ 16. Kd1 Nf6 $2 {[%mdl 8192] [#]} (16... fxg6 $16 {was necessary.} 17. Bd6 (17. fxe4 Qa6 $14) 17... Rf7) 17. a3 $18 {[%cal Ba2a3,Ba3b4][%mdl 32]} Nbd7 $2 (17... Bxc5 18. Nb3 Qb6 19. Nxc5 Rc8) 18. Nb3 {White is clearly winning.} Qd8 19. axb4 fxg6 20. Qxg6+ Kh8 21. Qxh6+ Nh7 22. Qg6 b6 23. Qd3 Re8 24. Qd4+ Ndf6 25. h4 g4 26. Nd2 Qe7 27. fxg4 {Precision: White = 74%, Black = 25%.} 1-0

[Event "9th LCC FIDE Open 2017"]
[Site "London"]
[Date "2017.12.06"]
[Round "6"]
[White "Gourlay, Iain"]
[Black "Stany, G A"]
[Result "0-1"]
[WhiteElo "2378"]
[BlackElo "2502"]
[Annotator "TA"]
[PlyCount "104"]
[EventDate "2017.??.??"]
[EventCountry "ENG"]
[SourceTitle "playchess.com"]
[Source "ChessBase"]
[SourceQuality "1"]

{[%evp 18,103,11,11,9,0,28,24,16,18,19,-37,-30,-46,-20,-48,-40,-74,-62,-102,-85,-112,-110,-137,-130,-145,-139,-360,-279,-516,-606,-583,-578,-578,-566,-552,-379,-361,-308,-277,-257,-285,-279,-270,-235,-228,-195,-194,-191,-486,-388,-595,-252,-616,0,-575,0,-585,823,-6199,162,-625,0,-2670,-1503,-1499,914,-1481,-1488,-1443,-1460,-1447,-1425,-1354,-1360,-5410,-5393,-29974,-29972,-29995,-29996,-29996,-29997,-29997,-29998,-29998,-29999,-29999]} 1. c4 e5 2. g3 Nc6 3. Bg2 g6 4. Nc3 Bg7 5. e3 d6 6. Nge2 Bf5 {A25: English Opening vs King's Indian with ...Nc6 but without early d3} (6... Be6 7. d3 Qd7 8. Nd5 Nd8 9. f4 h5 10. e4 c6 11. Ne3 Ne7 12. d4 exd4 13. Nxd4 f5 14. O-O fxe4 15. Bxe4 Bh3 16. Re1 Nf7 {½-½ (58) Goganov,A (2632)-Movsesian,S (2679) Moscow 2017}) 7. d3 Nge7 8. Rb1 Qd7 9. h3 O-O 10. b4 {LiveBook: 4 Games} a6 11. a4 Qc8 $146 ({Predecessor:} 11... Rfe8 12. Nd5 Rab8 13. Nec3 Kh8 14. Ne4 Ng8 15. g4 Be6 {1-0 (42) Dissels,H-Spoel,C Netherlands 1991}) 12. b5 axb5 13. axb5 Nd8 14. b6 (14. Qd2 $11) 14... c6 $1 $15 15. Rb3 $1 f6 16. Ba3 Nf7 17. Ne4 Rd8 18. N2c3 Be6 19. h4 f5 20. Ng5 e4 $1 21. Nxf7 Bxf7 22. Bf1 $2 (22. Bb2 $17) 22... d5 23. Qc1 $2 (23. Bxe7 $2 dxc4 24. Nb1 cxb3 $19) (23. d4 {was called for.} dxc4 24. Bxc4) 23... exd3 $19 24. Bxe7 dxc4 {Threatens to win with ...d2+.} 25. Rb2 Rd7 26. Bc5 Qe8 {Strongly threatening ...Qe5.} 27. f4 Ra5 28. Bb4 d2+ 29. Rxd2 Qxe3+ 30. Ne2 Ra1 $1 {[%cal Ra1c1]} 31. Qxa1 Bxa1 32. Rxd7 c3 {...c2 is the strong threat.} 33. Re7 $2 (33. Rxb7 c2 34. Rb8+ Kg7 35. Bd2 c1=Q+ $1 {[%mdl 512]} 36. Bxc1 Bc3+ 37. Bd2 Bxd2+ 38. Kd1 Bb3#) (33. Rd8+ Be8 34. Bg2) 33... Be6 34. Re8+ (34. Rxe6 {was the only defense.} Qxe6 35. Bg2) 34... Kg7 (34... Kf7 $142 35. Re7+ Kf6 36. Rxb7 c5) 35. Re7+ $2 (35. Bg2 Bb2 36. Rb8) 35... Kg8 36. Re8+ $1 (36. Rxb7 c2 $19) 36... Kg7 37. Re7+ Kh6 $4 {[%mdl 8192] [#]} (37... Kf6 $19 38. Rxb7 c5) 38. g4 $4 {[%mdl 8192]} (38. Rxe6 $1 $18 Qxe6 39. Bf8+ Kh5 40. Kf2) 38... fxg4 $4 {[%mdl 8192] [#]} (38... c2 $1 $19 {[%csl Ge3][%cal Rc2c1] and life is good for Black.} 39. g5+ Kh5 40. Rxh7+ Kg4 41. Rg1+ Qxg1) 39. Rc7 $4 {[%mdl 8192] [#]} (39. Rxe6 $1 $18 {[%mdl 512]} Qxe6 40. Bf8+ Kh5 41. Kf2) 39... Bg8 $2 $40 {[%mdl 128] Black mounts an attack.} (39... g3 $1 $19 {[%csl Gc3][%cal Re3d2]} 40. Bf8+ Kh5 41. Rxh7+ Kg4 42. Bh3+ Kf3 43. Bg2+ Kxg2 44. Rg1+ Kh2 45. Rxg3 Qd2+ 46. Kf2 Bh3) 40. Bf8+ $2 {[%mdl 8192]} (40. h5 $11 Qd2+ 41. Kf2 g3+ 42. Kg2 (42. Kxg3 Qe3+ 43. Kh2 Qf2+ 44. Bg2 Bd5 $17) 42... Bd5+ 43. Kh3 Be6+ 44. Kg2 (44. Kxg3 Qe3+ 45. Kh2 Qf2+ 46. Bg2 Bd5 $15) 44... Bd5+ 45. Kh3 Be6+ 46. Kg2 (46. Kxg3 Qe3+ 47. Kh2 Qf2+ 48. Bg2 Bd5 $17) 46... Bd5+) 40... Kh5 {( -> ...c2)} 41. Re7 Qd2+ 42. Kf2 {Threatening mate with Re5+.} c2 43. Bg2 Bf6 $1 {[%csl LRe7,LRh4]} 44. Rd7 c1=Q $1 45. Rxc1 Bxh4+ 46. Kf1 Qxd7 47. Rc5+ g5 {[%cal Rd7d1] Black mates.} 48. Nc3 Qd3+ 49. Kg1 Qe3+ 50. Kh2 Bg3+ 51. Kh1 Qe1+ 52. Bf1 Qxf1# {Precision: White = 29%, Black = 61%.} 0-1